Vista normal
Vista MARC
- Porras Carrera, Ligia María Del Rosario
Entrada Nombre personal
Número de registros utilizados en: 1
001 - NÚMERO DE CONTROL
- campo de control: 14295
003 - IDENTIFICADOR DE NÚMERO DE CONTROL
- campo de control: gtgcusco
005 - FECHA Y HORA DE LA ÚLTIMA TRANSACCIÓN
- campo de control: 20250731085403.0
008 - ELEMENTOS DE DATO DE LONGITUD-FIJA
- campo de control de longitud fija: 250731|| aca||aabn | a|a d
040 ## - FUENTE DE CATALOGACIÓN
- Centro catalogador/agencia de origen: gtgcusco
- Centro/agencia transcriptor: gtgcusco
100 ## - ENCABEZAMIENTO-NOMBRE DE PERSONA
- Nombre de persona: Porras Carrera, Ligia María Del Rosario
670 ## - FUENTE DE DATOS ENCONTRADOS
- Cita de la fuente: Work cat.: (gtgcusco)6005: Porras Carrera, Ligia María Del Rosario, Elaboración de un programa preventivo de enfermedad gingival y periodontal en pacientes discapacitados del servicio Mente Saña de Niñas y Niños del Hospital Obras Sociales del Hermano Pedro, Antigua Guatemala. /, 1996

